[Event "Challenge"]
[Site "http://www.queenalice.com/game.php?id=594318"]
[Date "2009.5.27"]
[Round "-"]
[White "Marivaldo"]
[Black "imcute"]
[Result "1-0"]
[WhiteElo "1821"]
[BlackElo "1910"]

1. d4 d5 2. Bf4 Bf5 3. Nc3 c6 4. e3 Nf6 5. Be2 e6 6. h4 Bd6 7. g4 Bxf4 8. exf4
Be4 9. f3 Nxg4 10. fxe4 Ne3 11. Qd3 Ng2+ 12. Kd1 Nxf4 13. Qg3 Qf6 14. Nf3 Nxe2
15. Kxe2 Na6 16. a3 O-O-O 17. Qg5 Qg6 18. Qxg6 hxg6 19. Rad1 f6 20. Rdg1 Rh6 21.
e5 c5 22. Nb5 Rdh8 23. Nxa7+ Kc7 24. Nb5+ Kc6 25. Nd6 Rh5 26. Rxg6 fxe5 27. Nf7
R8h7 28. Rxe6+ Kd7 29. Rxe5 cxd4 30. Rxh5 Rxh5 31. N7g5 Kd6 32. Nxd4 Nc5 33.
Nf5+ Ke5 34. Nxg7 Rh6 35. Nf7+ 1-0

[Event "Challenge"]
[Site "http://www.queenalice.com/game.php?id=594319"]
[Date "2009.5.27"]
[Round "-"]
[White "imcute"]
[Black "Marivaldo"]
[Result "1-0"]
[WhiteElo "1894"]
[BlackElo "1835"]

1. e4 d5 2. exd5 Qxd5 3. Nc3 Qd8 4. d4 Bf5 5. Nf3 e6 6. Bf4 Bb4 7. a3 Bxc3+ 8.
bxc3 c6 9. Bd3 Bg6 10. Ne5 Nd7 11. O-O Ngf6 12. Bxg6 hxg6 13. Qd3 Nd5 14. Bg3
Qg5 15. f4 Qh6 16. Nxd7 Kxd7 17. Rab1 Ne7 18. Rxb7+ Kd8 19. Qa6 Qh5 20. Rfb1 Rc8
21. Qxa7 Qe2 22. Rd7+ Ke8 23. Rxe7+ Kf8 24. Rxf7+ Kg8 25. Rxg7+ Kf8 26. Qf7# 1-0

[Event "AUTO-OPEN-1382"]
[Site "http://www.queenalice.com/game.php?id=595727"]
[Date "2009.5.30"]
[Round "2"]
[White "crubiov"]
[Black "imcute"]
[Result "1-0"]
[WhiteElo "2509"]
[BlackElo "1979"]

1. e4 e6 2. d4 d5 3. Nc3 Nf6 4. e5 Nfd7 5. f4 c5 6. Nf3 cxd4 7. Nxd4 Bc5 8. Nb3
Nc6 9. Nxc5 Nxc5 10. Be2 a6 11. O-O O-O 12. Be3 Nd7 13. Qd3 f6 14. exf6 Nxf6 15.
Rad1 b5 16. Bc5 Re8 17. Qg3 Bb7 18. a3 Qc7 19. Bd3 Na5 20. Bd4 Rf8 21. Rde1 Rae8
22. b3 Ne4 23. Bxe4 dxe4 24. Nxe4 Bxe4 25. Rxe4 Nc6 26. Bb2 Qf7 27. Qf2 Qf5 28.
Rfe1 h6 29. Qb6 Nb8 30. Rxe6 Rxe6 31. Qxe6+ Kh8 32. Qxh6+ Qh7 33. Bxg7+ 1-0

[Event "AUTO-OPEN-1382"]
[Site "http://www.queenalice.com/game.php?id=595728"]
[Date "2009.5.30"]
[Round "2"]
[White "imcute"]
[Black "crubiov"]
[Result "0-1"]
[WhiteElo "1945"]
[BlackElo "2497"]

1. e4 e5 2. Nf3 Nf6 3. Bc4 Nxe4 4. Qe2 d5 5. O-O Bg4 6. h3 Bxf3 7. gxf3 dxc4 8.
Qxe4 Nc6 9. Qxc4 Qd7 10. Qg4 f5 11. Qg3 Nd4 12. Qxe5+ Be7 13. Qe2 Nxe2+ 0-1

[Event "Challenge"]
[Site "http://www.queenalice.com/game.php?id=599402"]
[Date "2009.6.6"]
[Round "-"]
[White "Marivaldo"]
[Black "imcute"]
[Result "1/2-1/2"]
[WhiteElo "1744"]
[BlackElo "2016"]

1. d4 d5 2. Bf4 Nc6 3. Nc3 f6 4. e3 h5 5. h3 e5 6. dxe5 fxe5 7. Bh2 Nf6 8. Nf3
e4 9. Nd4 Nxd4 10. exd4 Bd6 11. Qe2 Bxh2 12. Rxh2 Qd6 13. g3 Qb4 14. Qb5+ Qxb5
15. Nxb5 Kd8 16. Be2 Bd7 17. h4 a6 18. Na3 Bg4 19. c3 c6 20. Nc2 Kc7 21. Ne3 Bf3
22. Bxf3 exf3 23. O-O-O Ng4 24. Nxg4 hxg4 25. Rhh1 Rae8 26. Rde1 b5 27. Kd2 a5
28. Rxe8 Rxe8 29. Re1 Rxe1 30. Kxe1 Kd6 31. Kd2 Ke6 32. Ke3 Kf5 33. Kd3 g6 34.
Ke3 a4 35. Kd3 Kf6 36. Ke3 Kf5 37. Kd3 Kf6 38. Kc2 Kf5 39. Kd3 1/2-1/2

[Event "Challenge"]
[Site "http://www.queenalice.com/game.php?id=599403"]
[Date "2009.6.6"]
[Round "-"]
[White "imcute"]
[Black "Marivaldo"]
[Result "1/2-1/2"]
[WhiteElo "1988"]
[BlackElo "1756"]

1. e4 d5 2. exd5 Qxd5 3. Nc3 Qd8 4. Nf3 Bf5 5. Bc4 c6 6. d4 e6 7. O-O Bb4 8. Ne2
Bd6 9. Ng3 Bg6 10. c3 Qc7 11. Re1 Nd7 12. Bg5 Bxg3 13. fxg3 Nb6 14. Bb3 Nd5 15.
c4 Nde7 16. Rc1 h6 17. Bh4 Bf5 18. d5 g5 19. d6 Qb6+ 20. c5 Qd8 21. dxe7 Qxd1
22. Rexd1 gxh4 23. Nxh4 Nxe7 24. h3 O-O 25. Rd7 Nd5 26. Rxb7 Be4 27. Nf3 Rfb8
28. Rd7 Rd8 29. Rd6 Kf8 30. Ne5 Ne7 31. Rcd1 Bd5 32. Bxd5 cxd5 33. Rf1 Nf5 34.
Rxd8+ Rxd8 35. g4 f6 36. Nc6 Rc8 37. Nxa7 Ra8 38. Nb5 Ng7 39. a3 Ke7 40. c6 Ne8
41. Rc1 Rc8 42. c7 Kd7 43. a4 Nxc7 44. Nxc7 Rxc7 45. Rxc7+ Kxc7 46. b4 e5 47.
Kf2 Kc6 48. Ke3 Kb6 49. h4 Kc6 50. a5 Kb5 51. Kd3 Ka6 52. g3 Kb5 53. Kc3 Ka6 54.
h5 Kb5 55. Kb3 d4 56. Kc2 e4 57. Kd2 Ka6 58. Ke2 e3 59. Kd3 Kb5 60. Ke2 Ka6
1/2-1/2

[Event "AUTO-ADV-1159"]
[Site "http://www.queenalice.com/game.php?id=599665"]
[Date "2009.6.7"]
[Round "2"]
[White "romerov"]
[Black "imcute"]
[Result "1-0"]
[WhiteElo "2210"]
[BlackElo "1999"]

1. d4 d5 2. c4 c6 3. Nf3 Nf6 4. g3 Bf5 5. Bg2 e6 6. O-O dxc4 7. Nbd2 b5 8. Ne5
Nfd7 9. Nxc6 Nxc6 10. Bxc6 Rb8 11. a4 bxa4 12. Nxc4 Bh3 13. Ne5 Bxf1 14. Bxd7+
Qxd7 15. Nxd7 Kxd7 16. Qxa4+ Kc7 17. Bf4+ Bd6 18. Rc1+ Kb6 19. Qc6+ 1-0

[Event "AUTO-ADV-1159"]
[Site "http://www.queenalice.com/game.php?id=599666"]
[Date "2009.6.7"]
[Round "2"]
[White "imcute"]
[Black "romerov"]
[Result "0-1"]
[WhiteElo "1982"]
[BlackElo "2252"]

1. e4 e6 2. d4 d5 3. Nc3 Nf6 4. e5 Nfd7 5. Nce2 c5 6. c3 cxd4 7. cxd4 Nc6 8. f4
Qh4+ 9. g3 Qd8 10. Nf3 Be7 11. Nc3 O-O 12. Bd3 Nb6 13. Bd2 Nc4 14. b3 Nxd2 15.
Qxd2 Bd7 16. Qc2 Rc8 17. Bxh7+ Kh8 18. O-O Nb4 19. Qg2 Kxh7 20. Qh3+ Kg8 21.
Rac1 Nd3 22. Rc2 Qa5 23. b4 Nxb4 24. Nxd5 Qxd5 25. Rxc8 Rxc8 26. a3 Nc2 27. Qh5
Ne3 28. Rf2 Rc1+ 0-1

[Event "AUTO-ADV-1159"]
[Site "http://www.queenalice.com/game.php?id=599667"]
[Date "2009.6.7"]
[Round "2"]
[White "Smartmove"]
[Black "imcute"]
[Result "0-1"]
[WhiteElo "2093"]
[BlackElo "1996"]

1. e4 e6 2. d4 d5 3. Nd2 Nf6 4. e5 Nfd7 5. Bd3 c5 6. c3 Qb6 7. Ne2 Nc6 8. Nf3
cxd4 9. cxd4 Be7 10. O-O f6 11. exf6 Bxf6 12. b3 O-O 13. Be3 Qc7 14. Rc1 Qd6 15.
Bf4 e5 16. dxe5 Ndxe5 17. Nxe5 Bxe5 18. Bxe5 Nxe5 19. h3 Bxh3 20. gxh3 Nf3+ 21.
Kg2 Qh2# 0-1

[Event "AUTO-ADV-1159"]
[Site "http://www.queenalice.com/game.php?id=599668"]
[Date "2009.6.7"]
[Round "2"]
[White "imcute"]
[Black "Smartmove"]
[Result "1-0"]
[WhiteElo "1989"]
[BlackElo "2097"]

1. e4 e5 2. Nf3 Nc6 3. Bc4 Bc5 4. b4 Bxb4 5. c3 Ba5 6. O-O Nge7 7. d4 exd4 8.
cxd4 d5 9. exd5 Nxd5 10. Qb3 Nce7 11. Ba3 c6 12. Bxe7 Kxe7 13. Bxd5 Qxd5 14. Qc2
Bf5 15. Qb3 Rab8 16. Nc3 Bxc3 17. Qxc3 Rhd8 18. Rfe1+ Kf8 19. Re5 Qd7 20. Qc5+
Kg8 21. Rxf5 b6 22. Qc2 g6 23. Re5 Rbc8 24. Rae1 c5 25. d5 Qd6 26. Qc4 Rc7 27.
Qc3 Rf8 28. Re8 b5 29. Rxf8+ Qxf8 30. Ng5 h6 31. Ne4 b4 32. Qe5 Qe7 33. Nf6+ Kf8
34. Nd7+ 1-0

[Event "Challenge"]
[Site "http://www.queenalice.com/game.php?id=599855"]
[Date "2009.6.7"]
[Round "-"]
[White "ORNELAS"]
[Black "imcute"]
[Result "0-1"]
[WhiteElo "1821"]
[BlackElo "2000"]

1. d4 d5 2. Nf3 Nf6 3. b4 Bf5 4. Nh4 Bg6 5. Nxg6 fxg6 6. c3 e6 7. Bg5 Be7 8. g3
Nbd7 9. Bg2 O-O 10. Bh3 e5 11. e3 Ne4 12. Bxe7 Qxe7 13. O-O Nb6 14. dxe5 Qxe5
15. Bg2 Rad8 16. Bxe4 dxe4 17. Qb3+ Kh8 18. Rd1 Qf6 19. Nd2 Rd3 20. Nxe4 Rxd1+
21. Rxd1 Qf3 22. Qc2 Nc4 23. Ng5 Qf6 24. Ne4 Qf5 25. Rd4 Ne5 26. f4 Nf3+ 27. Kf2
Nxd4 28. cxd4 g5 29. Kg2 Re8 30. Kf3 g4+ 31. Kg2 Qxe4+ 32. Qxe4 Rxe4 33. Kf2 b6
34. a4 c6 35. Ke2 g6 36. Kd3 Re6 37. h4 h6 38. e4 Kg7 39. e5 a6 40. Kc4 Kf7 41.
d5 cxd5+ 42. Kxd5 h5 43. b5 axb5 44. axb5 Ke7 45. Ke4 Kd7 46. Kd5 Re7 47. Kc4
Ke6 48. Kd4 Rd7+ 49. Ke4 Rd5 50. Ke3 Rxb5 51. Kf2 Rb3 52. Kg2 Rf3 53. Kh2 b5 54.
Kg2 b4 55. Kh2 b3 56. Kg2 b2 57. Kg1 b1=Q+ 58. Kg2 Qf1+ 0-1

[Event "Challenge"]
[Site "http://www.queenalice.com/game.php?id=599960"]
[Date "2009.6.7"]
[Round "-"]
[White "benjobench"]
[Black "imcute"]
[Result "1-0"]
[WhiteElo "1934"]
[BlackElo "1991"]

1. c4 Nf6 2. Nc3 d5 3. e3 c6 4. Be2 Bf5 5. Nf3 Nbd7 6. O-O h6 7. cxd5 cxd5 8.
Qb3 Qb6 9. Nxd5 Nxd5 10. Qxd5 e6 11. Qd4 O-O-O 12. a4 a6 13. Qh4 g5 14. Qc4+ Kb8
15. a5 Qc5 16. Qxc5 Bxc5 17. d4 Bd6 18. Bd2 Bg4 19. Rfc1 f5 20. b4 Nf6 21. g3
Ne4 22. Be1 Rhf8 23. Kg2 f4 24. h3 Bf5 25. g4 Bg6 26. b5 axb5 27. Bxb5 fxe3 28.
fxe3 Rc8 29. Bd7 Rxc1 30. Rxc1 Bf7 31. Bb5 h5 32. Bd3 hxg4 33. Bxe4 gxf3+ 34.
Bxf3 Bg6 35. a6 bxa6 36. Rc6 Ba3 37. Rxa6 Bh5 38. Ra8+ Kc7 39. Rxf8 1-0

[Event "AUTO-ADV-1076"]
[Site "http://www.queenalice.com/game.php?id=605563"]
[Date "2009.6.18"]
[Round "2"]
[White "MAGALINGsaROMANSAngChicks"]
[Black "imcute"]
[Result "1-0"]
[WhiteElo "1973"]
[BlackElo "2020"]

1. e4 e6 2. d4 d5 3. Nc3 Nf6 4. e5 Nfd7 5. Nce2 c5 6. c3 Qb6 7. f4 Nc6 8. Nf3
cxd4 9. cxd4 Be7 10. Nc3 O-O 11. Be2 f6 12. a3 fxe5 13. fxe5 a6 14. b4 Qd8 15.
O-O b5 16. h3 Nb6 17. Nh2 Nc4 18. Bxc4 bxc4 19. Be3 Bd7 20. Qg4 Qe8 21. Nf3 Nd8
22. Ng5 Bxg5 23. Bxg5 Nf7 24. Bf6 g6 25. Qg5 Nxg5 26. Bxg5 a5 27. Bf6 axb4 28.
axb4 Rxa1 29. Rxa1 Qb8 30. Be7 Rf7 31. Bc5 Qd8 32. b5 Qg5 33. b6 Bc6 34. Ne2
Qe3+ 35. Kh1 1-0

[Event "AUTO-ADV-1076"]
[Site "http://www.queenalice.com/game.php?id=605564"]
[Date "2009.6.18"]
[Round "2"]
[White "imcute"]
[Black "MAGALINGsaROMANSAngChicks"]
[Result "1-0"]
[WhiteElo "2005"]
[BlackElo "1978"]

1. e4 e6 2. d4 d5 3. Nc3 Nf6 4. e5 Nfd7 5. Nce2 c5 6. c3 Qb6 7. f4 Nc6 8. Nf3
cxd4 9. cxd4 Be7 10. Nc3 Bb4 11. a3 Bxc3+ 12. bxc3 O-O 13. Be2 f6 14. O-O fxe5
15. fxe5 h6 16. Bd3 Qd8 17. Be3 a6 18. Bc2 b5 19. Qd3 Kf7 20. Qg6+ Ke7 21. Qxg7+
Rf7 22. Qxh6 Qg8 23. Ng5 Nd8 24. Nxf7 Nxf7 25. Rxf7+ Kxf7 26. Rf1+ Ke7 27. Bg5+
Ke8 28. Bg6+ Qxg6 29. Qxg6# 1-0

[Event "Challenge"]
[Site "http://www.queenalice.com/game.php?id=611174"]
[Date "2009.6.30"]
[Round "-"]
[White "imcute"]
[Black "MarcD"]
[Result "0-1"]
[WhiteElo "1991"]
[BlackElo "2158"]

1. e4 c5 2. Nf3 Nc6 3. d4 cxd4 4. Nxd4 d6 5. Be3 Nf6 6. Nc3 Bd7 7. Be2 g6 8. f4
Bg7 9. Qd2 O-O 10. h3 a6 11. g4 b5 12. g5 Ne8 13. Nf3 Rc8 14. O-O-O Qa5 15. e5
b4 16. Qd5 bxc3 17. Qxa5 cxb2+ 18. Kxb2 Nxa5 19. Bxa6 Rb8+ 20. Kc1 Bb5 21. Bxb5
Rxb5 22. h4 dxe5 23. fxe5 Bxe5 24. Nxe5 Rxe5 25. Bd4 Rd5 26. Rhe1 Nc6 27. c3
Nxd4 28. cxd4 e6 29. Kb2 Nd6 30. Re2 Rb8+ 31. Kc3 Ra5 32. Rh2 Ra3+ 0-1

[Event "Challenge"]
[Site "http://www.queenalice.com/game.php?id=611175"]
[Date "2009.6.30"]
[Round "-"]
[White "MarcD"]
[Black "imcute"]
[Result "1/2-1/2"]
[WhiteElo "2165"]
[BlackElo "1977"]

1. d4 d5 2. Nf3 Nf6 3. Bf4 Nc6 4. e3 e6 5. Bd3 h6 6. Nbd2 Bd6 7. Bg3 a6 8. c3 b5
9. a3 Bb7 10. O-O Bxg3 11. hxg3 Qd6 12. e4 dxe4 13. Nxe4 Nxe4 14. Bxe4 f5 15.
Bc2 Na5 16. Re1 Nc4 17. Rb1 O-O 18. Qe2 Rae8 19. Bb3 Bd5 20. Bxc4 Bxc4 21. Qe5
Qc6 22. Rbd1 Bb3 23. Rd2 Bd5 24. Qe2 Bxf3 25. gxf3 Qd5 26. f4 c6 27. Qe5 Rf7 28.
Qe3 Rd7 29. Rde2 Rde7 30. Qd3 c5 31. Re5 Qb3 32. dxc5 Qxb2 33. Qd6 Qxa3 34. Rxe6
Rxe6 35. Rxe6 Rc8 36. Re5 Kh8 37. Rxf5 Qxc3 38. Rf8+ Rxf8 39. Qxf8+ Kh7 40. Qf5+
Kh8 41. Qf8+ 1/2-1/2

[Event "Challenge #1"]
[Site "http://www.queenalice.com/game.php?id=611831"]
[Date "2009.7.1"]
[Round "-"]
[White "Aylton"]
[Black "imcute"]
[Result "1-0"]
[WhiteElo "1872"]
[BlackElo "2009"]

1. d4 d5 2. Nf3 Nf6 3. e3 Bf5 4. c4 e6 5. Nc3 Bb4 6. Qa4+ Nc6 7. Ne5 O-O 8. Nxc6
Bxc3+ 9. bxc3 bxc6 10. Qxc6 Ne4 11. cxd5 exd5 12. Ba3 Re8 13. Bb5 Re6 14. Qd7
Nxc3 15. Qxd8+ Rxd8 16. Be2 Be4 17. f3 Bg6 18. Bb4 Rxe3 19. Bxc3 Rxc3 20. O-O c6
21. Rfc1 Rxc1+ 22. Rxc1 Rc8 23. Ba6 Rc7 24. Bb5 Bf5 25. Rxc6 Rxc6 26. Bxc6 Be6
27. Kf2 g5 28. Ke3 f6 29. Kd3 Kf7 30. Kc3 Ke7 31. Kb4 Kd6 32. Ba8 Kc7 33. Kc5 g4
34. f4 h5 35. Bxd5 Bd7 36. g3 Bf5 37. Bf7 1-0

[Event "Challenge #2"]
[Site "http://www.queenalice.com/game.php?id=611832"]
[Date "2009.7.1"]
[Round "-"]
[White "imcute"]
[Black "Aylton"]
[Result "1-0"]
[WhiteElo "2009"]
[BlackElo "1994"]

1. e4 c5 2. Nf3 Nc6 3. d4 cxd4 4. Nxd4 e5 5. Nb5 d6 6. Be3 a6 7. N5c3 Be6 8. Nd5
Bxd5 9. exd5 Nce7 10. Nc3 f5 11. Qh5+ g6 12. Qh4 Bg7 13. Bg5 h6 14. Bxe7 Nxe7
15. Be2 Qb6 16. Qa4+ Kf7 17. Qa3 Rac8 18. O-O Qc5 19. Qb3 Rc7 20. Rac1 Rhc8 21.
Rfd1 Kf6 22. Na4 Qa7 23. Nb6 Rd8 24. c4 Nc8 25. Nxc8 Rdxc8 26. Qb4 Bf8 27. Qc3
Kf7 28. b3 b5 29. Qb2 bxc4 30. bxc4 Rb8 31. Qc3 Rc5 32. Bd3 a5 33. Rb1 Rbc8 34.
Rb2 e4 35. Be2 Bg7 36. Qb3 Bxb2 37. Qxb2 Rb8 38. Qc3 Qb6 39. Rc1 Qb2 40. Qe3
Qxa2 41. g4 Rb3 42. Qxh6 Qxe2 43. Qh7+ Kf6 44. g5+ Kxg5 45. Qe7+ Kh6 46. Qxd6
Qg4+ 47. Kh1 Rxc4 48. Qf8+ Kh5 49. Qh8+ Kg5 50. Rg1 Qxg1+ 51. Kxg1 Rc1+ 52. Kg2
a4 53. h4+ Kg4 54. Qh6 Rg3+ 55. fxg3 Rc2+ 56. Kf1 Kxg3 57. Qxg6+ Kxh4 58. Qxf5
Rc4 59. Qf2+ Kg5 60. d6 a3 61. d7 Rc1+ 62. Kg2 1-0

[Event "Challenge"]
[Site "http://www.queenalice.com/game.php?id=650993"]
[Date "2009.9.12"]
[Round "-"]
[White "fernando1971"]
[Black "imcute"]
[Result "1-0"]
[WhiteElo "2340"]
[BlackElo "1985"]

1. d4 d5 2. Nf3 Nf6 3. e3 Nc6 4. c4 e6 5. Be2 Be7 6. O-O O-O 7. Nc3 b6 8. b3 Bb7
9. a3 Rc8 10. Qc2 h6 11. Rd1 Na5 12. cxd5 Nxd5 13. b4 Nc6 14. Bb2 Nb8 15. Nb5
Ba6 16. Nxa7 Bxe2 17. Qxe2 Qd7 18. Nxc8 Rxc8 19. Ne5 Qe8 20. e4 Nf6 21. b5 c5
22. bxc6 Nxc6 23. Nxc6 Rxc6 24. d5 exd5 25. exd5 Rc5 26. Bxf6 gxf6 27. Re1 Kf8
28. Qd3 Qd7 29. Qh7 Qg4 30. Rad1 Bd6 31. Qh8+ Qg8 32. Re8+ 1-0

[Event "Challenge"]
[Site "http://www.queenalice.com/game.php?id=662344"]
[Date "2009.10.4"]
[Round "-"]
[White "imcute"]
[Black "mestredosmagos"]
[Result "1-0"]
[WhiteElo "1983"]
[BlackElo "1819"]

1. e4 d6 2. d4 g6 3. f4 Bg7 4. Nf3 Nf6 5. Bd3 O-O 6. c4 Bg4 7. h3 Bxf3 8. Qxf3
Qd7 9. Nc3 Na6 10. a3 b6 11. Bd2 c6 12. O-O c5 13. d5 Nc7 14. Rae1 a6 15. f5 b5
16. b3 bxc4 17. bxc4 a5 18. fxg6 fxg6 19. Qe3 Nh5 20. Kh1 Rxf1+ 21. Rxf1 e6 22.
Ne2 exd5 23. exd5 Qd8 24. Qf3 a4 25. Qf7+ Kh8 26. Nf4 Nxf4 27. Bxf4 Rc8 28. Re1
Qf8 29. Qd7 Qd8 30. Qxd6 Qxd6 31. Bxd6 Na8 32. Rb1 Rd8 33. Bxc5 Nc7 34. Bb6 Rc8
35. Bxc7 Rxc7 36. Rb8+ Bf8 37. Rxf8+ Kg7 38. Ra8 Rf7 39. Rxa4 Re7 40. c5 Kf6 41.
Re4 Rc7 42. c6 h6 43. a4 Ra7 44. Bb5 Kf5 45. Re2 h5 46. d6 g5 47. d7 Ra8 48. c7
Kf6 49. d8=Q+ Rxd8 50. cxd8=Q+ Kf5 51. Qf8+ Kg6 52. Bd3# 1-0